| 000 | 00513nam a2200181 a 4500 | ||
|---|---|---|---|
| 005 | 20210219153316.0 | ||
| 008 | 991125n 000 0 u | ||
| 035 | _aUPN01000090706 | ||
| 100 | 1 | _aO'Neil, John | |
| 222 | _aEDUCATIONAL LEADERSHIP | ||
| 245 | _aOn tracking and individual differences : a conversation with Jeannine Oakes | ||
| 300 | _a18-21 | ||
| 362 | 0 | _a1992 Vol. 50, no. 2 | |
| 653 | 0 | _aDIFERENCIAS INDIVIDUALES | |
| 653 | 0 | _aSISTEMA EDUCATIVO | |
| 904 |
_aAC _b028517 |
||
| 905 | _aArticulo | ||
| 999 |
_c73712 _d73712 |
||